Os mais belos contos do mundo (Registo nº 1952)

Detalhes MARC
000 -Etiqueta do registo
Cabeçalho 00888nam a22002891 4500
005 - Identificador da versão
Campo de controlo 20240813121920.0
010 ## - Número internacional normalizado dos livros (ISBN)
Número (ISBN) 9722611372
021 ## - Número do Depósito Legal
Código do país PT
Número 72651/93
100 ## - Dados gerais de processamento
Dados gerais de processamento 20070615d1993 cday0pory5003 ba
102 ## - Pais de publicação ou produção
País de publicação Portugal
101 1# - Língua de publicação
Língua do texto, banda sonora, etc. Português
106 ## - Campo de dados codificados: material textual
Dados codificados do material textual r
105 ## - Campo de dados codificados: livros
Dados codificados dos livros a z 001fy
215 ## - Descrição física 
Indicação específica da natureza do documento e extensão da espécie 98, [2] p.
Outras indicações físicas muito il.
Dimensões 31 cm
200 1# - Titulo e menção de responsabilidade
Título próprio Os mais belos contos do mundo
Primeira menção de responsabilidade il. Michael Fiodorov
Outras menções de responsabilidade trad. Carlos José Marques Duarte de Jesus
225 2# - Colecção 
Título próprio da colecção Grandes Ilustradores da Escola Russa
210 ## - Publicação, Distribuição, etc. 
Lugar da edição, distribuição, etc. [Porto]
Nome do editor, distribuidor, etc. Civilização
Data da publicação, distribuição, etc. D.L. 1993
606 ## - Nome comum usado como assunto
Número de registo de entrada de autoridade 0000015
Palavra de ordem Literatura estrangeira infanto-juvenil
Subdivisão de assunto Conto
675 ## - Classificação Decimal Universal (CDU)
Notação 82-34
Edição
Língua da edição por
702 ## - Nome de autor-pessoa física (responsabilidade secundária)
Número de registo de entrada de autoridade 0000590
Palavra de ordem Jesus
Outra parte do nome não tomada para palavra de ordem Carlos José Marques Duarte de
Código de função Tradutor
700 #1 - Nome de autor-pessoa física (responsabilidade principal)
Número de registo de entrada de autoridade 0000588
Palavra de ordem Fiodorov
Outra parte do nome não tomada para palavra de ordem Michael
942 ## - Elementos de entrada adicionados (Koha)
Tipo de item no Koha Livro
Exemplares
Situação do levantamento Origin of item (home branch) (coded) Biblioteca de empréstimo Código de barras Cota Circulation type (not for loan) Tipo de documento Nota do exemplar Damaged status
  Biblioteca Escolar da Coca Maravilhas Biblioteca Escolar da Coca Maravilhas BECM3725/98 8EST FIO   Livro Sem mensagem